ALL Drag Race Philippines: Slaysian Royale Queens - Statistics

General Stats
  • This quiz has been taken 20 times
  • The average score is 11 of 12
Answer Stats
Season Placement Country Drag Queen % Correct
πŸ‡΅πŸ‡­ Drag Race Philippines: Slaysian Royale 🌎-Season 1- 8th πŸ‡΅πŸ‡­ Bernie
100%
πŸ‡΅πŸ‡­ Drag Race Philippines: Slaysian Royale 🌎-Season 1- πŸ† WINNER πŸ† πŸ‡΅πŸ‡­ Brigiding
100%
πŸ‡΅πŸ‡­ Drag Race Philippines: Slaysian Royale 🌎-Season 1- 5th πŸ‡΅πŸ‡­ Khianna
100%
πŸ‡΅πŸ‡­ Drag Race Philippines: Slaysian Royale 🌎-Season 1- 3rd/4thπŸ’ Miss Congeniality πŸ’ πŸ‡¨πŸ‡¦ Suki Doll
100%
πŸ‡΅πŸ‡­ Drag Race Philippines: Slaysian Royale 🌎-Season 1- πŸ₯ˆ Runner-Up πŸ₯ˆ πŸ‡΅πŸ‡­ ViΓ±as Deluxe
100%
πŸ‡΅πŸ‡­ Drag Race Philippines: Slaysian Royale 🌎-Season 1- 6th πŸ‡ΊπŸ‡Έ Yuhua
100%
πŸ‡΅πŸ‡­ Drag Race Philippines: Slaysian Royale 🌎 -Season 1- 3rd/4th πŸ‡΅πŸ‡­ Arizona Brandy
91%
πŸ‡΅πŸ‡­ Drag Race Philippines: Slaysian Royale 🌎-Season 1- 9th πŸ‡«πŸ‡· Kitty Space
91%
πŸ‡΅πŸ‡­ Drag Race Philippines: Slaysian Royale 🌎-Season 1- 11th πŸ‡¬πŸ‡§ Sum Ting Wong
91%
πŸ‡΅πŸ‡­ Drag Race Philippines: Slaysian Royale 🌎-Season 1- 10th πŸ‡¦πŸ‡Ί Ivory Glaze
82%
πŸ‡΅πŸ‡­ Drag Race Philippines: Slaysian Royale 🌎-Season 1- 12th πŸ‡§πŸ‡ͺ Madame Yoko
64%
πŸ‡΅πŸ‡­ Drag Race Philippines: Slaysian Royale 🌎-Season 1- 7th πŸ‡ΉπŸ‡­ Siam Phusri
64%
No matching quizzes found
Score Distribution
Percent of People with Each Score
Percentile by Number Answered
Your Score History
You have not taken this quiz